[Event "Sachsen-ch U18"]
[Site "Sebnitz"]
[Date "2012.04.11"]
[Round "3"]
[White "Ehrlich, Timo"]
[Black "Braeuer, Felix"]
[Result "0-1"]
[WhiteElo "1304"]
[BlackElo "1721"]
[PlyCount "50"]
[EventDate "2012.04.10"]
[EventType "swiss"]
[EventRounds "7"]
[EventCountry "GER"]
[SourceTitle "CBM 148 Extra"]
[Source "ChessBase"]
[SourceDate "2012.06.22"]
[SourceVersion "1"]
[SourceVersionDate "2012.06.22"]
[SourceQuality "1"]

1. e4 e5 2. Nf3 Nc6 3. Bb5 a6 4. Ba4 Nf6 5. 0-0 Be7 6. Re1 b5 7. Bb3 d6 8. c3 0-0 9. h3 Na5 10. Bc2 c5 11. d4 Qc7 12. dxe5 dxe5 13. Be3 Nc4 14. Qc1 Nxe3 15. Qxe3 Nh5 16. Nbd2 Nf4 17. Nh2 Be6 18. Bd1 Rad8 19. Bg4 Rd3 20. Ndf1 Rxe3 21. Rxe3 Rd8 22. Be2 c4 23. Re1 Bc5 24. Rf3 f6 25. Ne3 Rd2 0-1

[Event "Sachsen-ch U10"]
[Site "Sebnitz"]
[Date "2005.03.30"]
[Round "3"]
[White "Ehrlich, Timo"]
[Black "Standke, Jan"]
[Result "1-0"]
[WhiteElo "984"]
[BlackElo "856"]
[PlyCount "53"]
[EventDate "2005.03.29"]
[EventType "swiss"]
[EventRounds "7"]
[EventCountry "GER"]
[SourceTitle "EXT 2007"]
[Source "ChessBase"]
[SourceDate "2006.11.23"]
[SourceVersion "1"]
[SourceVersionDate "2006.11.23"]
[SourceQuality "1"]

1. e4 c6 2. Nf3 d5 3. e5 Nd7 4. d4 a6 5. Bd3 b5 6. Be3 Bb7 7. 0-0 e6 8. Nc3 f6 9. Bf4 Be7 10. Re1 Nh6 11. Rb1 fxe5 12. dxe5 0-0 13. Qd2 Nf7 14. Re2 h6 15. Rbe1 g5 16. Bg3 h5 17. h3 g4 18. hxg4 hxg4 19. Nd4 Qb6 20. Nxe6 Rfe8 21. Nd4 Qxd4 22. e6 Nc5 23. exf7+ Kxf7 24. Be5 Qb4 25. Qh6 Ne6 26. Bg6+ Kg8 27. Qh8# 1-0